00730nam a2200217 u 45000010006000000050017000060080041000230350010000640350021000740400013000950410008001080800007001161000042001232450040001652600029002053000018002346500074002529420009003269990017003359520160003524629720260506072442.0960313s1985 spa  a46297 a(OCoLC)778114310 ccomduadb aspa aB/00aCronio Albur, seud.4auteaut925285810aLopez de Mesa : un hombre, un mundo b[sin publicador],c1985. a181 páginas aLópez de Mesa, Luis, 1884-1967 - Crítica e interpretación96771 cBOOK c63943d63943 001040708ANTIOQUIAaBCbBCd1998-05-13eMaterial adquirido por donacióniC77358l0oB L864ap61000002243802r2023-04-21 00:00:00t1w2023-04-21yBOOKI